[Event "IECG CD.2003.0.00056 email"]
[Site "IECG email"]
[Date "2003.04.22"]
[Round "?"]
[White "Ahmed, Kabir"]
[Black "Reinders, John"]
[Result "0-1"]
[WhiteElo "1500"]
[BlackElo "1512"]
[PlyCount "22"]
[EventDate "2003.04.22"]
[EventType "tourn (corr)"]
[EventRounds "6"]
[SourceTitle "Corr 2008"]
[Source "ChessBase"]
[SourceDate "2008.06.24"]
[SourceVersion "1"]
[SourceVersionDate "2008.06.24"]
[SourceQuality "1"]

1. e4 c5 2. Nf3 e6 3. d4 cxd4 4. Nxd4 Nf6 5. Nc3 d6 6. Bb5+ Bd7 7. 0-0 Be7 8. Kh1 Bxb5 9. Ndxb5 a6 10. Nd4 d5 11. exd5 Nxd5 0-1

[Event "IECG CD.2003.0.00056 email"]
[Site "IECG email"]
[Date "2003.04.22"]
[Round "?"]
[White "Johansen, Toralf"]
[Black "Ahmed, Kabir"]
[Result "1-0"]
[WhiteElo "1480"]
[BlackElo "1500"]
[PlyCount "23"]
[EventDate "2003.04.22"]
[EventType "tourn (corr)"]
[EventRounds "6"]
[SourceTitle "Corr 2008"]
[Source "ChessBase"]
[SourceDate "2008.06.24"]
[SourceVersion "1"]
[SourceVersionDate "2008.06.24"]
[SourceQuality "1"]

1. e4 c5 2. Nf3 e6 3. d4 cxd4 4. Nxd4 a6 5. Nc3 b5 6. Bd3 Qc7 7. 0-0 Bb7 8. Re1 Nc6 9. Nxc6 dxc6 10. e5 Rd8 11. Bg5 Be7 12. Ne4 1-0